000 00604nam a2200217 a 4500
005 20260312064039.0
008 060118s2000 mx r 000 0 spa d
020 _a9681104056
035 _aUPN01000141592
049 _aCG
050 4 _aPQ7297 P4.2
_bM5.4
100 1 _aPoniatowska, Elena,
_d1933-
245 1 4 _aLas mil y una-- :
_bla herida de Paulina /
_cElena Poniatowska.
260 _aMéxico :
_bPlaza & Janés,
_c2000.
300 _a160 p. :
_bil.
440 0 _aCrónica
650 4 _aLiteratura mexicana
_94466
650 4 _aAborto
_9246
650 7 _aViolación
_2
_92291
905 _aLibro
999 _c113739
_d113739